000 00996nam a2200277Ii 4500
008 211104s9999 xx 000 0 und d
022 _a1826-9826
022 _a2282-2054
041 _a ita
041 _aeng
245 0 _aEmergency Care Journal:
264 _aItaly:
_bPAGEPress Publications
264 _bAcademy of Emergency Medicine and Care
336 _2rdacontent
_atext
_btxt
337 _2rdamedia
_acomputer
_bc
338 _2rdacarrier
_aonline resource
_bcr
540 _fCC BY-NC
_uhttps://www.pagepressjournals.org/index.php/ecj/benefits
540 _uhttps://doi.org/10.4081/ecj.2019.8024
540 _uhttps://www.pagepressjournals.org/index.php/ecj/about
540 _uhttps://www.pagepressjournals.org/index.php/ecj/benefits
653 _aEmergency medicine
710 2 _aThe Directory of Open Access Journals
856 _uhttps://doaj.org/toc/3173968a7a9a42d19965e9a94ad751d5
856 _uhttps://www.pagepressjournals.org/index.php/ecj
942 _cE-JOURNAL
999 _c40283
_d40283